[Event "ESP-ch Rapid"]
[Site "Linares"]
[Date "2023.08.19"]
[Round "2"]
[White "Diaz Castro, Ismael"]
[Black "Espinosa Aranda, Angel"]
[Result "0-1"]
[WhiteElo "2243"]
[BlackElo "2440"]
[PlyCount "80"]
[EventDate "2023.08.19"]
[EventType "swiss (rapid)"]
[EventRounds "10"]
[EventCountry "ESP"]
[SourceTitle "CBM 215 Extra"]
[Source "ChessBase"]
[SourceDate "2023.09.30"]
[SourceVersion "1"]
[SourceVersionDate "2023.09.30"]
[SourceQuality "1"]

1. e4 e6 2. Nf3 c5 3. d4 cxd4 4. Nxd4 Nf6 5. Nc3 Nc6 6. Ndb5 Bc5 7. Nd6+ Ke7 8. Bf4 e5 9. Nf5+ Kf8 10. Be3 Bb4 11. Qf3 d5 12. 0-0-0 d4 13. Bg5 Bxf5 14. Qxf5 Qc8 15. Qxc8+ Rxc8 16. Bxf6 dxc3 17. Bg5 cxb2+ 18. Kxb2 Nd4 19. Bd3 Bc3+ 20. Kc1 Rc6 21. Bd2 Ke7 22. Bxc3 Rxc3 23. Kb2 Rhc8 24. Rd2 R3c6 25. Rc1 Ne6 26. f3 Nc5 27. c4 Rd8 28. Rcd1 Nxd3+ 29. Rxd3 Rxd3 30. Rxd3 Rxc4 31. Rd5 f6 32. Kb3 Rc1 33. a4 Rg1 34. Rd2 Rb1+ 35. Kc4 a5 36. Kc5 Rb4 37. Ra2 Ke6 38. Ra3 Kd7 39. g4 b6+ 40. Kd5 Rd4# 0-1

[Event "Seville City-ch Blitz"]
[Site "Seville"]
[Date "2023.02.28"]
[Round "8"]
[White "Diaz Castro, Ismael"]
[Black "Balbuena Fuentes, Mario"]
[Result "0-1"]
[WhiteElo "2253"]
[BlackElo "2258"]
[PlyCount "51"]
[EventDate "2023.02.28"]
[EventType "swiss (blitz)"]
[EventRounds "10"]
[EventCountry "ESP"]
[SourceTitle "CBM 213 Extra"]
[Source "ChessBase"]
[SourceDate "2023.05.31"]
[SourceVersion "1"]
[SourceVersionDate "2023.05.31"]
[SourceQuality "1"]

1. e4 d6 2. d4 Nf6 3. Nc3 g6 4. Be3 c6 5. f3 Bg7 6. Qd2 b5 7. g4 h5 8. g5 Nfd7 9. f4 Nb6 10. Nf3 d5 11. 0-0-0 b4 12. Nb1 dxe4 13. Ne5 a5 14. h4 0-0 15. Bh3 Bxh3 16. Rxh3 Qd5 17. b3 Na6 18. f5 gxf5 19. Qe2 a4 20. Qxh5 axb3 21. axb3 Nc7 22. g6 fxg6 23. Nxg6 Qf7 24. Rg3 Ra1 25. Bh6 Nbd5 26. Bxg7 0-1

[Event "Seville City-ch Blitz"]
[Site "Seville"]
[Date "2023.02.28"]
[Round "5"]
[White "Diaz Castro, Ismael"]
[Black "Carrabeo Garcia, Manuel"]
[Result "1-0"]
[WhiteElo "2253"]
[BlackElo "1977"]
[PlyCount "67"]
[EventDate "2023.02.28"]
[EventType "swiss (blitz)"]
[EventRounds "10"]
[EventCountry "ESP"]
[SourceTitle "CBM 213 Extra"]
[Source "ChessBase"]
[SourceDate "2023.05.31"]
[SourceVersion "1"]
[SourceVersionDate "2023.05.31"]
[SourceQuality "1"]

1. e4 e6 2. Nf3 d5 3. Nc3 dxe4 4. Nxe4 Bd7 5. d4 Bc6 6. Bd3 Nd7 7. 0-0 Ngf6 8. Nxf6+ Qxf6 9. Be2 Bd6 10. c4 Bxf3 11. Bxf3 c6 12. Qb3 Rb8 13. Re1 0-0 14. Be3 Bf4 15. Rad1 Bxe3 16. Qxe3 Rfd8 17. b4 Nb6 18. Qc3 Rd7 19. a4 Rbd8 20. a5 Nc8 21. a6 b6 22. Bxc6 Rxd4 23. Rxd4 Rxd4 24. Qc2 Ne7 25. Bb7 Nf5 26. c5 bxc5 27. bxc5 Qd8 28. c6 Qc7 29. Rd1 g6 30. Rxd4 Nxd4 31. Qd3 e5 32. Qe4 f5 33. Qd5+ Kg7 34. Qd7+ 1-0

[Event "Seville City-ch Blitz"]
[Site "Seville"]
[Date "2023.02.28"]
[Round "1"]
[White "Diaz Castro, Ismael"]
[Black "Cruz Rodriguez, Israel"]
[Result "1-0"]
[WhiteElo "2253"]
[BlackElo "1742"]
[PlyCount "43"]
[EventDate "2023.02.28"]
[EventType "swiss (blitz)"]
[EventRounds "10"]
[EventCountry "ESP"]
[SourceTitle "CBM 213 Extra"]
[Source "ChessBase"]
[SourceDate "2023.05.31"]
[SourceVersion "1"]
[SourceVersionDate "2023.05.31"]
[SourceQuality "1"]

1. e4 d5 2. exd5 Qxd5 3. Nc3 Qa5 4. Nf3 Nf6 5. d4 c6 6. Bc4 Bg4 7. h3 Bh5 8. g4 Bg6 9. Qe2 Qc7 10. Ne5 Nbd7 11. f4 h6 12. f5 Bh7 13. Bxf7+ Kd8 14. Bb3 Nxe5 15. dxe5 Nd7 16. Bf4 g5 17. Bh2 Kc8 18. e6 Qb6 19. exd7+ Kxd7 20. 0-0-0+ Ke8 21. Qe6 Qd8 22. Qe4 1-0

[Event "Seville City-ch Rapid"]
[Site "Seville"]
[Date "2023.02.28"]
[Round "3"]
[White "Ramos Suria, Felix"]
[Black "Diaz Castro, Ismael"]
[Result "0-1"]
[WhiteElo "1918"]
[BlackElo "2253"]
[PlyCount "67"]
[EventDate "2023.02.28"]
[EventType "swiss (rapid)"]
[EventRounds "7"]
[EventCountry "ESP"]
[SourceTitle "CBM 213 Extra"]
[Source "ChessBase"]
[SourceDate "2023.05.31"]
[SourceVersion "1"]
[SourceVersionDate "2023.05.31"]
[SourceQuality "1"]

1. e4 g6 2. d4 d6 3. f4 Bg7 4. Nf3 c6 5. Bd3 Qb6 6. c3 Bg4 7. h3 Bxf3 8. Qxf3 Nd7 9. Nd2 c5 10. Nc4 Qc7 11. d5 b5 12. Ne3 c4 13. Bc2 Ngf6 14. 0-0 0-0 15. Bd2 a5 16. Rae1 Nc5 17. Ng4 Nxg4 18. Qxg4 e6 19. f5 exf5 20. exf5 Qd8 21. fxg6 hxg6 22. Bg5 Qb6 23. Kh1 Rae8 24. Qh4 Qb7 25. Be7 Qxd5 26. Bxf8 Rxf8 27. Re2 Be5 28. Be4 Qe6 29. Rd1 Kg7 30. Bd5 Qd7 31. Qe1 Nd3 32. Qd2 Rh8 33. Qe3 Bf4 34. Qf3 0-1

[Event "ESP-ch rapid"]
[Site "Linares"]
[Date "2019.08.24"]
[Round "4"]
[White "Diaz Castro, Ismael"]
[Black "Perez Candelario, Manuel"]
[Result "0-1"]
[WhiteElo "2234"]
[BlackElo "2621"]
[PlyCount "78"]
[EventDate "2019.08.24"]
[EventType "swiss (rapid)"]
[EventRounds "9"]
[EventCountry "ESP"]
[SourceTitle "EXT 2020"]
[Source "ChessBase"]
[SourceDate "2019.10.17"]
[SourceVersion "1"]
[SourceVersionDate "2019.10.17"]
[SourceQuality "1"]

1. e4 e5 2. Nf3 Nc6 3. Bb5 a6 4. Ba4 Nf6 5. Qe2 Be7 6. c3 b5 7. Bb3 0-0 8. 0-0 d6 9. Rd1 Na5 10. Bc2 c5 11. d4 Qc7 12. d5 Bd7 13. b3 Nb7 14. Nbd2 g6 15. Nf1 Nh5 16. Bh6 Ng7 17. Ng3 f6 18. b4 a5 19. a3 Rfc8 20. Bd3 c4 21. Bc2 Ra6 22. h4 Rca8 23. Rac1 axb4 24. axb4 Bg4 25. Re1 Nd8 26. Qd2 Nf7 27. Nh2 Bd7 28. Rf1 Ra2 29. f4 Rb2 30. f5 Nxh6 31. Qxh6 gxf5 32. exf5 Raa2 33. Be4 Qd8 34. Rf3 Rxg2+ 35. Kf1 Rxh2 36. Re3 Bf8 37. Bb1 Raf2+ 38. Kg1 Rfg2+ 39. Kf1 Nxf5 0-1

[Event "ESP-ch rapid"]
[Site "Linares"]
[Date "2019.08.24"]
[Round "3"]
[White "Quiros Cueto, Pelayo"]
[Black "Diaz Castro, Ismael"]
[Result "0-1"]
[WhiteElo "2166"]
[BlackElo "2234"]
[PlyCount "54"]
[EventDate "2019.08.24"]
[EventType "swiss (rapid)"]
[EventRounds "9"]
[EventCountry "ESP"]
[SourceTitle "EXT 2020"]
[Source "ChessBase"]
[SourceDate "2019.10.17"]
[SourceVersion "1"]
[SourceVersionDate "2019.10.17"]
[SourceQuality "1"]

1. c4 e5 2. g3 Nc6 3. Bg2 Bc5 4. Nc3 f5 5. d3 Nf6 6. e3 0-0 7. Nge2 d6 8. a3 a6 9. b4 Ba7 10. 0-0 Qe8 11. d4 f4 12. exf4 Nxd4 13. fxe5 dxe5 14. c5 Bg4 15. f3 Rd8 16. Nxd4 exd4 17. fxg4 dxc3 18. Qb3+ Kh8 19. g5 Ng4 20. Qxc3 Rxf1+ 21. Bxf1 b6 22. Bb2 Qf8 23. Qxg7+ Qxg7 24. Bxg7+ Kxg7 25. Re1 bxc5 26. h3 cxb4+ 27. Kg2 Ne3+ 0-1

[Event "Dos Hermanas rapid 31st"]
[Site "Dos Hermanas"]
[Date "2019.05.25"]
[Round "2"]
[White "Diaz Mino, Daniel"]
[Black "Diaz Castro, Ismael"]
[Result "0-1"]
[WhiteElo "1847"]
[BlackElo "2276"]
[PlyCount "68"]
[EventDate "2019.05.25"]
[EventType "swiss (rapid)"]
[EventRounds "8"]
[EventCountry "ESP"]
[SourceTitle "CBM 190 Extra"]
[Source "ChessBase"]
[SourceDate "2019.07.15"]
[SourceVersion "1"]
[SourceVersionDate "2019.07.15"]
[SourceQuality "1"]

1. e4 e5 2. Nf3 Nc6 3. Nc3 Nf6 4. d4 exd4 5. Nxd4 Bb4 6. Nxc6 bxc6 7. Bd3 d5 8. exd5 cxd5 9. 0-0 0-0 10. Bg5 c6 11. Na4 h6 12. Bh4 Be7 13. c3 Qc7 14. Bg3 Bd6 15. Bxd6 Qxd6 16. h3 c5 17. a3 a5 18. Rb1 Bd7 19. Bc2 Rab8 20. Qd2 Bc6 21. b4 axb4 22. axb4 Bxa4 23. Bxa4 Ne4 24. Qe1 Rfc8 25. Rd1 Qf6 26. Rd3 cxb4 27. cxb4 Qb2 28. Bb3 Rc3 29. Rxd5 Nf6 30. Ba2 Qxa2 31. Rf5 Qc2 32. Qe5 Rxb4 33. Qa5 Rb1 34. Rxb1 Qxb1+ 0-1

[Event "Seville op 44th"]
[Site "Seville"]
[Date "2019.01.17"]
[Round "7"]
[White "Diaz Castro, Ismael"]
[Black "Li, Di"]
[Result "0-1"]
[WhiteElo "2228"]
[BlackElo "2488"]
[PlyCount "82"]
[EventDate "2019.01.11"]
[EventType "swiss"]
[EventRounds "9"]
[EventCountry "ESP"]
[SourceTitle "CBM 188 Extra"]
[Source "ChessBase"]
[SourceDate "2019.02.26"]
[SourceVersion "1"]
[SourceVersionDate "2019.02.26"]
[SourceQuality "1"]

1. e4 e5 2. Nf3 Nf6 3. Nxe5 d6 4. Nf3 Nxe4 5. d4 d5 6. Bd3 Nc6 7. 0-0 Be7 8. c4 Nb4 9. cxd5 Nxd3 10. Qxd3 Qxd5 11. Re1 Bf5 12. g4 Bg6 13. Nc3 Nxc3 14. Qxc3 f6 15. Nh4 Qd6 16. Qc5 Qxc5 17. dxc5 Kf7 18. Bf4 Rad8 19. Rad1 Rxd1 20. Rxd1 Rd8 21. Rc1 Be4 22. Bxc7 Rd2 23. b4 g6 24. b5 Bxc5 25. Bg3 Rxa2 26. Ng2 Rb2 27. Ne3 Rxb5 28. Nc4 Ke6 29. Nd2 Bd5 30. Kf1 b6 31. h4 a5 32. Ke2 a4 33. Kd3 a3 34. Re1+ Kd7 35. g5 f5 36. f3 a2 37. Be5 Rb4 38. Rh1 Ra4 39. Ba1 Ra3+ 40. Ke2 Re3+ 41. Kf2 Rxf3+ 0-1

[Event "Seville op 44th"]
[Site "Seville"]
[Date "2019.01.16"]
[Round "6"]
[White "Krishna, C Revanth Gopala"]
[Black "Diaz Castro, Ismael"]
[Result "0-1"]
[WhiteElo "2469"]
[BlackElo "2228"]
[PlyCount "106"]
[EventDate "2019.01.11"]
[EventType "swiss"]
[EventRounds "9"]
[EventCountry "ESP"]
[SourceTitle "CBM 188 Extra"]
[Source "ChessBase"]
[SourceDate "2019.02.26"]
[SourceVersion "1"]
[SourceVersionDate "2019.02.26"]
[SourceQuality "1"]

1. Nf3 Nf6 2. d4 g6 3. Nc3 d5 4. Bf4 Bg7 5. e3 0-0 6. Be2 c5 7. dxc5 Nbd7 8. 0-0 Nxc5 9. Be5 b6 10. a4 Bb7 11. Ra3 Ncd7 12. Bg3 Rc8 13. b4 a6 14. Qd3 Re8 15. Rd1 e6 16. Qd2 Qe7 17. Rb3 Red8 18. Ne1 e5 19. Bf1 Nb8 20. Qe2 Nc6 21. Na2 d4 22. Rbb1 dxe3 23. Rxd8+ Rxd8 24. Qxe3 Nd5 25. Qa3 f5 26. c4 Nf6 27. c5 f4 28. Bh4 Nd4 29. Nc3 e4 30. Rd1 e3 31. Qa2+ Kh8 32. Qc4 b5 33. axb5 axb5 34. Qd3 Nf3+ 35. Nxf3 Rxd3 36. Bxd3 exf2+ 37. Kf1 Qe6 38. Bxb5 Bxf3 39. gxf3 Qh3+ 40. Ke2 Qxh4 41. Bc4 h6 42. c6 f1Q+ 43. Rxf1 Qxh2+ 44. Kd3 Ne8 45. Re1 Nd6 46. c7 Bxc3 47. Kxc3 Qh3 48. Rd1 Qxf3+ 49. Rd3 Qc6 50. Rxd6 Qxc7 51. Rxg6 Qe5+ 52. Kb3 Qe3+ 53. Ka4 Qe8+ 0-1

[Event "Seville op 42nd"]
[Site "Seville"]
[Date "2017.01.20"]
[Round "8"]
[White "Diaz Castro, Ismael"]
[Black "Aguera Naredo, Javier"]
[Result "1-0"]
[WhiteElo "2185"]
[BlackElo "2361"]
[PlyCount "45"]
[EventDate "2017.01.13"]
[EventType "swiss"]
[EventRounds "9"]
[EventCountry "ESP"]
[SourceTitle "EXT 2019"]
[Source "ChessBase"]
[SourceDate "2018.10.10"]
[SourceVersion "1"]
[SourceVersionDate "2018.10.10"]
[SourceQuality "1"]

1. e4 g6 2. d4 Bg7 3. Nc3 d6 4. Be3 a6 5. g4 b5 6. Bg2 Bb7 7. Nge2 Nd7 8. Ng3 c5 9. 0-0 Rc8 10. Qd2 h6 11. Rad1 cxd4 12. Bxd4 Bxd4 13. Qxd4 Ngf6 14. h3 0-0 15. Qe3 b4 16. Nce2 Qb6 17. Qxh6 Rxc2 18. Nd4 Rc5 19. Rd3 e6 20. g5 Nh7 21. Nh5 gxh5 22. g6 fxg6 23. Nxe6 1-0

[Event "Almeria Sola Memorial 1st"]
[Site "Almeria"]
[Date "2014.12.27"]
[Round "5"]
[White "Arboledas Fernandez, Antonio A"]
[Black "Diaz Castro, Ismael"]
[Result "0-1"]
[WhiteElo "2145"]
[BlackElo "1969"]
[PlyCount "62"]
[EventDate "2014.12.26"]
[EventType "swiss"]
[EventRounds "7"]
[EventCountry "ESP"]
[SourceTitle "CBM 164 Extra"]
[Source "ChessBase"]
[SourceDate "2015.03.02"]
[SourceVersion "1"]
[SourceVersionDate "2015.03.02"]
[SourceQuality "1"]

1. d4 c5 2. e3 Nf6 3. Bd3 g6 4. c3 d6 5. a3 Bg7 6. Ne2 0-0 7. e4 cxd4 8. cxd4 Nc6 9. Nbc3 Bd7 10. h3 Rc8 11. Be3 a6 12. b4 e5 13. d5 Nd4 14. Rc1 Nh5 15. Bb1 Nxe2 16. Nxe2 f5 17. Rxc8 Qxc8 18. f3 Bb5 19. Bd3 fxe4 20. fxe4 Qd8 21. Rf1 Nf4 22. Bxf4 exf4 23. Bxb5 axb5 24. Qd3 Qh4+ 25. Kd1 Qf6 26. Ke1 Rc8 27. Rxf4 Qa1+ 28. Kf2 Bc3 29. Nxc3 Rxc3 30. Qxb5 Rc2+ 31. Kg3 Qe5 0-1

[Event "Almeria Sola Memorial 1st"]
[Site "Almeria"]
[Date "2014.12.27"]
[Round "3"]
[White "Bernabeu Lopez, Carlos Javier"]
[Black "Diaz Castro, Ismael"]
[Result "0-1"]
[WhiteElo "2125"]
[BlackElo "1969"]
[PlyCount "88"]
[EventDate "2014.12.26"]
[EventType "swiss"]
[EventRounds "7"]
[EventCountry "ESP"]
[SourceTitle "CBM 164 Extra"]
[Source "ChessBase"]
[SourceDate "2015.03.02"]
[SourceVersion "1"]
[SourceVersionDate "2015.03.02"]
[SourceQuality "1"]

1. e4 e5 2. Nf3 Nc6 3. Bb5 Nf6 4. 0-0 Nxe4 5. d4 Nd6 6. Bg5 Be7 7. Bxe7 Qxe7 8. Bxc6 dxc6 9. dxe5 Nf5 10. Qe2 Be6 11. Nbd2 0-0-0 12. Rfe1 h5 13. Nb3 Rh6 14. Rad1 Rxd1 15. Rxd1 Rg6 16. Nbd4 Nxd4 17. Nxd4 Qg5 18. g3 h4 19. f4 Qg4 20. Qxg4 Bxg4 21. Rd2 c5 22. Nb3 b6 23. Nc1 f6 24. exf6 Rxf6 25. Kf2 hxg3+ 26. hxg3 Rh6 27. Nd3 Rh2+ 28. Ke3 Rh3 29. Rg2 Be6 30. Nf2 Rh6 31. Rg1 Bxa2 32. Ra1 Bd5 33. Rxa7 Re6+ 34. Kd3 b5 35. Kd2 Bf3 36. Nd3 Re2+ 37. Kc3 Be4 38. Nxc5 Rxc2+ 39. Kd4 Rc4+ 40. Ke5 Rxc5+ 41. Kxe4 Rc2 42. b4 Rc4+ 43. Kf5 Rxb4 44. Kg6 Ra4 0-1

[Event "Seville op 37th"]
[Site "Seville"]
[Date "2012.01.14"]
[Round "8"]
[White "Garcia Felizon, Eduardo"]
[Black "Diaz Castro, Ismael"]
[Result "1-0"]
[WhiteElo "1776"]
[BlackElo "1911"]
[PlyCount "118"]
[EventDate "2012.01.07"]
[EventType "swiss"]
[EventRounds "9"]
[EventCountry "ESP"]
[SourceTitle "CBM 146 Extra"]
[Source "ChessBase"]
[SourceDate "2012.02.29"]
[SourceVersion "1"]
[SourceVersionDate "2012.02.29"]
[SourceQuality "1"]

1. e4 g6 2. Nf3 Bg7 3. Nc3 d6 4. Bb5+ c6 5. Bc4 Nf6 6. d3 0-0 7. Bg5 Nbd7 8. a4 e5 9. Qd2 Qc7 10. h4 h5 11. Bh6 a5 12. Bxg7 Kxg7 13. Ng5 Qb6 14. Rb1 Ng4 15. 0-0 Nc5 16. d4 Na6 17. d5 Qb4 18. Qe2 Nc5 19. f3 Nh6 20. dxc6 bxc6 21. Rfd1 f6 22. Nh3 Ne6 23. Bxe6 Bxe6 24. Qd2 Rad8 25. Nf2 d5 26. Nd3 Qb6+ 27. Qf2 d4 28. b4 Rb8 29. Nc5 Kf7 30. Nxe6 Kxe6 31. bxa5 Qxa5 32. Ne2 Qxa4 33. Ra1 Qb5 34. Rxd4 Rfd8 35. Rxd8 Rxd8 36. Nc3 Qb2 37. Rd1 Rxd1+ 38. Nxd1 Qc1 39. Qe2 Nf7 40. Kf2 Nd6 41. Ne3 Qa3 42. Nc4 Qc5+ 43. Ne3 f5 44. exf5+ Nxf5 45. g4 hxg4 46. fxg4 Nxh4 47. Kg3 g5 48. Qd3 Qd4 49. Qb3+ Kf6 50. Qd3 Qxd3 51. cxd3 Ng6 52. Kf3 Ne7 53. Ke4 Nd5 54. Nxd5+ cxd5+ 55. Kxd5 e4 56. Kxe4 Ke6 57. d4 Kf6 58. Kd5 Kf7 59. Kc5 Kg6 1-0

[Event "Seville op 33rd"]
[Site "Seville"]
[Date "2008.01.05"]
[Round "1"]
[White "Rizouk, Aimen"]
[Black "Diaz Castro, Ismael"]
[Result "1-0"]
[WhiteElo "2498"]
[BlackElo "1876"]
[PlyCount "75"]
[EventDate "2008.01.05"]
[EventType "swiss"]
[EventRounds "9"]
[EventCountry "ESP"]
[SourceTitle "CBM 122 Extra"]
[Source "ChessBase"]
[SourceDate "2008.03.04"]
[SourceVersion "1"]
[SourceVersionDate "2008.03.04"]
[SourceQuality "1"]

1. e4 g6 2. d4 Bg7 3. Nc3 d6 4. Be3 Nf6 5. Nf3 0-0 6. h3 Nbd7 7. e5 Ne8 8. Bf4 Nb6 9. Bd3 Be6 10. Ng5 Nd5 11. Nxd5 Bxd5 12. 0-0 h6 13. Ne4 c6 14. Qc1 Kh7 15. Ng3 f5 16. h4 Be6 17. Re1 Qd7 18. h5 g5 19. Bxg5 hxg5 20. Qxg5 Rf7 21. Nxf5 Rxf5 22. Bxf5+ Bxf5 23. e6 Bxe6 24. Qg6+ Kh8 25. Rxe6 Nc7 26. Re4 Qe8 27. Qg5 Nd5 28. Rae1 Qf8 29. c4 Bf6 30. Qg6 Nc7 31. g4 Qg7 32. Qxg7+ Kxg7 33. Rxe7+ Bxe7 34. Rxe7+ Kf6 35. Rxc7 b5 36. Rxc6 bxc4 37. Rxd6+ Ke7 38. Rc6 1-0

[Event "Internet Section 06A g/8'+2\""]
[Site "Dos Hermanas"]
[Date "2004.03.06"]
[Round "1"]
[White "Diaz Castro, Ismael"]
[Black "Cruz Fuentes, Edilberto"]
[Result "0-1"]
[WhiteElo "1572"]
[BlackElo "2142"]
[PlyCount "70"]
[EventDate "2004.03.06"]
[EventType "swiss (blitz)"]
[EventRounds "9"]
[EventCountry "ESP"]
[SourceTitle "CBM 099 Extra"]
[Source "ChessBase"]
[SourceDate "2004.05.04"]
[SourceVersion "1"]
[SourceVersionDate "2004.05.04"]
[SourceQuality "1"]

1. e3 Nf6 2. d4 d5 3. Nc3 Nbd7 4. Nf3 e6 5. Bb5 a5 6. 0-0 c6 7. Bd3 Qc7 8. e4 dxe4 9. Nxe4 Nxe4 10. Bxe4 Nf6 11. Qd3 b6 12. Re1 Ba6 13. c4 Be7 14. b3 h6 15. g3 Rd8 16. Bf4 Qd7 17. Be5 0-0 18. Bxf6 Bxf6 19. Ne5 Bxe5 20. f4 Bxd4+ 21. Kg2 Bxa1 22. Rxa1 Qxd3 23. Bxd3 Rxd3 24. Re1 Rfd8 25. Kh3 c5 26. Kg4 Bb7 27. Re5 Bf3+ 28. Kh3 Rd2 29. Re3 Bd1 30. Re1 Rxa2 31. Rxd1 Rxd1 32. Kg4 Rxh2 33. Kf3 f5 34. Ke3 Rb1 35. Kf3 Rxb3# 0-1